|
|
|
|
| LEADER |
00000nam a2200000 a 4500 |
| 001 |
UCS0661 |
| 003 |
CL-VaPUC |
| 008 |
970426e19690000cl |||||||||||||||||spa|d |
| 082 |
0 |
4 |
|a 343.052
|b SER
|2 21
|
| 100 |
0 |
|
|a Serrano M., Gustavo
|e author
|9 384410
|
| 700 |
0 |
|
|a Yrarrázaval C., Jaime
|e author
|9 384411
|
| 700 |
0 |
|
|a Thomas, Roger W
|e author
|9 384412
|
| 700 |
0 |
|
|a Brenner de Thomas, Sava
|e author
|9 384413
|
| 700 |
0 |
|
|a Fernández Richard, José
|e author
|9 384414
|
| 700 |
0 |
|
|a Gittes, Enrique F
|e author
|9 384415
|
| 700 |
0 |
|
|a Gorziglia B., Arnaldo
|e author
|9 384416
|
| 700 |
0 |
|
|a Melville, Robert F
|e author
|9 384417
|
| 245 |
1 |
3 |
|a El impuesto a la renta
|
| 300 |
|
|
|a 291 p
|
| 942 |
|
|
|c BK
|
| 945 |
|
|
|d 19970426 00:00:00
|a paguirre
|
| 260 |
|
|
|a Santiago
|b s.n
|c 1969
|
| 650 |
|
0 |
|a Derecho tributario
|9 258895
|
| 650 |
|
0 |
|a Impuestos
|9 255450
|
| 650 |
|
0 |
|a Impuesto a la renta
|9 258171
|
| 650 |
|
0 |
|a Franquicias tributarias
|9 384092
|
| 650 |
|
7 |
|a DETERMINACION DEL IMPUESTO
|2 CL-VaPUC
|9 383524
|
| 650 |
|
7 |
|a SISTEMA TRIBUTARIO
|2 CL-VaPUC
|9 384418
|
| 651 |
|
7 |
|a CHILE
|2 CL-VaPUC
|9 384419
|
| 583 |
|
|
|a last modification
|c 20171228 05:13:51
|k Rodrigo Vera
|
| 999 |
|
|
|c 258878
|d 258876
|
| 952 |
|
|
|0 0
|1 0
|4 0
|6 343_052000000000000_SER_1969
|7 0
|8 P
|9 283226
|a BIBDER
|b BIBDER
|d 2019-11-19
|i 1839276
|o 343.052 SER 1969
|p 1839276
|r 2019-11-19
|w 2019-11-19
|y BK
|k DER
|
| 952 |
|
|
|0 0
|1 0
|4 0
|6 343_052000000000000_SER_1969
|7 0
|8 P
|9 283227
|a BIBDER
|b BIBDER
|d 2019-11-19
|i 1839284
|o 343.052 SER 1969
|p 1839284
|r 2023-01-25
|w 2019-11-19
|y BK
|k DER
|